| 000 | 00969nam a22003017a 4500 | ||
|---|---|---|---|
| 001 | 200461766 | ||
| 003 | TR-AnTOB | ||
| 005 | 20251120155838.0 | ||
| 008 | 240711b tu ||||| |||| 00| 0 tur d | ||
| 020 | _a9786254140259 | ||
| 040 |
_aTR-AnTOB _beng _erda _cTR-AnTOB |
||
| 041 | _atur | ||
| 092 |
_a828.3354 _bKİN 2021 |
||
| 100 | 1 |
_aKinney, Jeff _9146345 |
|
| 245 |
_aRowley'in müthiş korku hikayeleri / _cJeff Kinney ; çeviren : Nurbike Bengisu Günaydın ; editör : Buse Özlem Bay |
||
| 250 | _a1. bs. | ||
| 260 |
_aİstanbul : _bEpsilon ; _c 2021. |
||
| 300 |
_a223 Pages. : _bill. ; _c 22 cm. |
||
| 336 |
_atext _btxt _2rdacontent |
||
| 337 |
_aunmediated _bn _2rdamedia |
||
| 338 |
_avolume _bnc _2rdacarrier |
||
| 500 | _aÖzgün adı : Diary of a wimpy kid / rodrick rules. | ||
| 653 | _aAmerikan edebiyatı | ||
| 700 | 1 |
_aGünaydın, Nurbike Bengisu _9146347 |
|
| 942 |
_2ddc _cBK |
||
| 999 |
_c200461766 _d79978 |
||